[Event "European Rapid 2015"]
[Site "Minsk BLR"]
[Date "2015.12.19"]
[Round "7.38"]
[White "Tyutyunnikov, Alexey"]
[Black "Pavlov, Sergey2"]
[Result "1-0"]
[BlackTitle "IM"]
[WhiteElo "2295"]
[BlackElo "2454"]
[WhiteFideId "4137060"]
[BlackFideId "14114330"]
[EventDate "2015.12.19"]

1. e4 Nf6 2. e5 Nd5 3. d4 d6 4. Nf3 Bg4 5. c4 Nb6 6. Be2 dxe5 7. Nxe5 Bxe2 8.
Kxe2 N8d7 9. b3 g6 10. Bb2 Bg7 11. Nd2 Nxe5 12. dxe5 Qd7 13. Nf3 Qg4 14. Qd4
Qxd4 15. Bxd4 O-O-O 16. Rad1 e6 17. Rd3 h6 18. Rhd1 g5 19. h3 Nd7 20. Bc3 a6 21.
Rd4 Bf8 22. h4 Be7 23. Rh1 Nc5 24. Rxd8+ Rxd8 25. hxg5 hxg5 26. Rh7 Ne4 27. Be1
g4 28. Nh2 g3 29. fxg3 Ng5 30. Rg7 Rd4 31. Nf3 Re4+ 32. Kf1 Nxf3 33. gxf3 Rxe5
34. Rxf7 Bd6 35. f4 Re3 36. Bf2 Rc3 37. g4 Rf3 38. f5 exf5 39. Rxf5 Rxf5 40.
gxf5 Kd7 41. Kg2 Ke7 42. Bh4+ Kf7 43. Kf3 Bf8 44. Ke4 Ba3 45. Kd5 Bd6 46. c5 Bh2
47. c6 b6 48. a4 Bf4 49. Ke4 Bd6 50. Bg5 1-0

[Event "European Rapid 2015"]
[Site "Minsk BLR"]
[Date "2015.12.19"]
[Round "7.39"]
[White "Chizhikov, Vladislav"]
[Black "Belyakov, Bogdan"]
[Result "1/2-1/2"]
[BlackTitle "IM"]
[WhiteElo "2229"]
[BlackElo "2511"]
[WhiteFideId "4178157"]
[BlackFideId "24104795"]
[EventDate "2015.12.19"]

1. e4 e5 2. Nf3 Nc6 3. Bc4 Nf6 4. O-O Be7 5. d4 d6 6. dxe5 Nxe5 7. Nxe5 dxe5 8.
Qxd8+ Bxd8 9. f3 c6 10. Be3 Nd7 11. Nd2 Bb6 12. Kf2 Ke7 13. b4 a5 14. a3 Bxe3+
15. Kxe3 Nb6 16. Be2 Rd8 17. c4 c5 18. Nb3 axb4 19. axb4 cxb4 20. Rxa8 Nxa8 21.
Ra1 Nc7 22. Ra7 Ne6 23. c5 Rd7 24. Bc4 Rc7 25. Ra4 Nxc5 26. Nxc5 Rxc5 27. Rxb4
Bd7 28. Bd3 Bc6 29. Rb1 Ra5 30. Rb2 f6 31. g3 Kd6 32. f4 b5 33. Rf2 Ra3 34.
fxe5+ Kxe5 35. Rf5+ Kd6 36. Kd4 b4 37. Rf2 b3 38. Rb2 Ra4+ 39. Kc3 Bxe4 40. Rxb3
Bd5 41. Rb6+ Kc5 42. Rb5+ Kc6 43. Rb2 Ra3+ 44. Kd2 g6 45. Rc2+ Kd6 46. Rc3 Ra2+
47. Rc2 Ra7 48. Ke2 f5 49. Kf2 Ke5 50. Be2 Be4 51. Rc5+ Kd4 52. Rc4+ Kd5 53. Rb4
Rc7 54. h4 Rc2 55. Ke3 Rc3+ 56. Kf2 Kc5 57. Rb5+ Kc6 58. Ra5 Kd6 59. Ra7 Rc2 60.
Ke3 Rc3+ 61. Kf2 h5 62. Ra6+ Ke7 63. Rxg6 f4 64. Rg5 fxg3+ 65. Rxg3 Rxg3 66.
Kxg3 Kf6 67. Bxh5 1/2-1/2

[Event "European Rapid 2015"]
[Site "Minsk BLR"]
[Date "2015.12.19"]
[Round "7.40"]
[White "Kulaots, Kaido"]
[Black "Aliyev, Rasim"]
[Result "1-0"]
[WhiteTitle "GM"]
[WhiteElo "2574"]
[BlackElo "2213"]
[WhiteFideId "4500261"]
[BlackFideId "13401084"]
[EventDate "2015.12.19"]

1. e4 c6 2. d4 d5 3. Nc3 dxe4 4. Nxe4 Nf6 5. Nxf6+ exf6 6. c3 Bd6 7. Bd3 O-O 8.
Ne2 Bg4 9. Qc2 Bxe2 10. Bxe2 Re8 11. Be3 Qc7 12. g3 Nd7 13. O-O-O g6 14. Qd2 f5
15. c4 Nf6 16. c5 Bf8 17. Bf4 Qd7 18. Bc4 Nd5 19. Bg5 Bg7 20. Rhe1 Re4 21. Rxe4
fxe4 22. h4 h5 23. a3 Re8 24. Kb1 Kh7 25. Ka2 Qf5 26. Re1 f6 27. Be3 a6 28. Bb3
Rd8 29. Qe2 Qg4 30. Qxg4 hxg4 31. Bxd5 Rxd5 32. Kb3 f5 33. Kc4 Bh6 34. b4 Bxe3
35. fxe3 g5 36. hxg5 Kg6 37. a4 Rd7 38. Rh1 Kxg5 39. b5 axb5+ 40. axb5 Kg6 41.
Rh8 Kg7 42. Ra8 Re7 43. d5 cxd5+ 44. Kxd5 Rd7+ 45. Ke5 Rd3 46. Kf4 Rc3 47. Rc8
Kf6 48. c6 b6 49. c7 1-0

[Event "European Rapid 2015"]
[Site "Minsk BLR"]
[Date "2015.12.19"]
[Round "7.41"]
[White "Lobanov, Sergei"]
[Black "Matinian, Nikita"]
[Result "0-1"]
[BlackTitle "IM"]
[WhiteElo "2457"]
[BlackElo "2470"]
[WhiteFideId "24183750"]
[BlackFideId "24129100"]
[EventDate "2015.12.19"]

1. e4 d6 2. d4 g6 3. Nc3 a6 4. Bd3 Bg7 5. Nge2 Nc6 6. Be3 Nf6 7. f3 O-O 8. Qd2
b5 9. d5 Ne5 10. Nd4 Bb7 11. a4 b4 12. Nce2 Nxd3+ 13. Qxd3 a5 14. O-O Nd7 15. c3
Ne5 16. Qc2 bxc3 17. Nxc3 c6 18. dxc6 Nxc6 19. Ndb5 Nb4 20. Qb3 Bc6 21. Rfd1 Qd7
22. Bb6 Qb7 23. Bxa5 Rxa5 24. Qxb4 Rfa8 25. Rac1 Qb6+ 26. Kh1 Bxc3 27. Qxc3 Bxb5
28. axb5 Rxb5 29. Rc2 Rb8 30. Rdd2 Rb3 31. Qc4 Qa5 32. h3 Rxb2 33. Rxb2 Rxb2 34.
Qc8+ Kg7 35. Rd1 Qc5 36. Qxc5 dxc5 37. Rc1 Rb5 38. Kh2 Kf6 39. Kg3 h5 40. Rc3
Ke5 41. Rc4 Kd6 42. Kf4 f6 43. Rc3 Rb4 44. Rd3+ Rd4 45. Rc3 c4 46. g4 hxg4 47.
hxg4 Kc5 48. Ra3 Rd3 49. Ra7 e5+ 50. Kg3 Rd6 51. g5 fxg5 52. Kg4 c3 53. Kxg5 c2 0-1

[Event "European Rapid 2015"]
[Site "Minsk BLR"]
[Date "2015.12.19"]
[Round "7.42"]
[White "Sharafiev, Azat"]
[Black "Valov, Ilya"]
[Result "1-0"]
[WhiteTitle "IM"]
[BlackTitle "FM"]
[WhiteElo "2420"]
[BlackElo "2228"]
[WhiteFideId "4186214"]
[BlackFideId "4199251"]
[EventDate "2015.12.19"]

1. e4 Nf6 2. e5 Nd5 3. d4 d6 4. Nf3 g6 5. Bc4 c6 6. O-O Bg7 7. exd6 Qxd6 8. h3
O-O 9. Re1 Nd7 10. Nbd2 e5 11. dxe5 Nxe5 12. Nxe5 Bxe5 13. Ne4 Qb4 14. Bxd5 cxd5
15. Nc3 Bg7 16. Nxd5 Qa5 17. Ne7+ Kh8 18. Nxc8 Raxc8 19. c3 Rcd8 20. Qb3 Qd5 21.
Qxd5 Rxd5 22. Be3 a6 23. Rad1 Rfd8 24. Rxd5 Rxd5 25. Kf1 Rb5 26. Bc1 Bf6 27. Bh6
Re5 28. Rxe5 Bxe5 29. Ke2 Kg8 30. Kd3 f5 31. Kc4 Kf7 32. Kd5 Bc7 33. Bg5 h5 34.
c4 1-0

[Event "European Rapid 2015"]
[Site "Minsk BLR"]
[Date "2015.12.19"]
[Round "7.43"]
[White "Maljush, Andrej"]
[Black "Faizrakhmanov, Ramil"]
[Result "1-0"]
[BlackTitle "FM"]
[WhiteElo "2285"]
[BlackElo "2426"]
[WhiteFideId "13500724"]
[BlackFideId "24103209"]
[EventDate "2015.12.19"]

1. e4 c6 2. Nc3 d5 3. Nf3 Bg4 4. h3 Bxf3 5. Qxf3 Nf6 6. d3 e6 7. Be2 Bb4 8. O-O
Bxc3 9. bxc3 dxe4 10. dxe4 O-O 11. e5 Nd5 12. Qg3 f6 13. c4 Ne7 14. exf6 Nf5 15.
Qb3 Nd4 16. Qd3 Qxf6 17. Rb1 Na6 18. c3 Nxe2+ 19. Qxe2 Rf7 20. Qe3 b6 21. Ba3 c5
22. Rbe1 Re8 23. Bc1 Nb8 24. Rd1 Nc6 25. Rfe1 Na5 26. Qg3 Nxc4 27. Re4 Na5 28.
Bg5 Qf5 29. Rf4 Qc2 30. Rd6 Rxf4 31. Bxf4 Qg6 32. Qh4 h6 33. Be5 Rf8 34. Rd7 Rf7
35. Rd8+ Kh7 36. Qa4 Qf5 37. f4 c4 38. Qe8 Kg6 39. Ra8 Nb7 40. Rxa7 Kh7 41. Ra8
Kg6 42. Rb8 Nc5 43. Rxb6 Kh7 44. Rc6 Nd3 45. Qxe6 Qh5 46. g4 Nxf4 47. gxh5 1-0

[Event "European Rapid 2015"]
[Site "Minsk BLR"]
[Date "2015.12.19"]
[Round "7.44"]
[White "Novitzkij, Dmitrij"]
[Black "Polivanov, Anatoliy"]
[Result "0-1"]
[WhiteTitle "IM"]
[BlackTitle "IM"]
[WhiteElo "2317"]
[BlackElo "2426"]
[WhiteFideId "13500619"]
[BlackFideId "14109468"]
[EventDate "2015.12.19"]

1. e4 g6 2. d4 Bg7 3. Nc3 d6 4. g3 Nc6 5. Be3 e5 6. dxe5 Nxe5 7. f4 Nc6 8. Bg2
Nge7 9. Nge2 O-O 10. O-O f5 11. exf5 Nxf5 12. Bf2 Be6 13. Nd5 Kh8 14. c4 Re8 15.
g4 Nh4 16. Bxh4 Qxh4 17. Nxc7 Bxg4 18. Nxe8 Rxe8 19. Bf3 Re3 20. Ng3 Rxf3 21.
Rxf3 Nd4 22. Re3 Bxd1 23. Re8+ Bf8 24. Rxd1 Nf3+ 25. Kg2 Qg4 26. Rf1 Nh4+ 27.
Kh1 Kg7 28. f5 Qh3 29. f6+ Kf7 30. Re2 Nf5 31. Kg1 Nxg3 32. hxg3 Qxg3+ 33. Rg2
Qe3+ 34. Rff2 d5 35. cxd5 Qe1+ 36. Kh2 Bd6+ 37. Kh3 Qh1+ 38. Kg4 Qh5# 0-1

[Event "European Rapid 2015"]
[Site "Minsk BLR"]
[Date "2015.12.19"]
[Round "7.46"]
[White "Minko, Vladimir"]
[Black "Fargere, Francois"]
[Result "1/2-1/2"]
[WhiteTitle "FM"]
[BlackTitle "GM"]
[WhiteElo "2361"]
[BlackElo "2424"]
[WhiteFideId "24146706"]
[BlackFideId "615935"]
[EventDate "2015.12.19"]

1. d4 d5 2. c4 c6 3. Nf3 Nf6 4. Qb3 dxc4 5. Qxc4 Bf5 6. Nc3 e6 7. g3 Nbd7 8. Bg2
Be7 9. O-O O-O 10. Re1 Ne4 11. Qb3 Qb6 12. Nh4 Bxh4 13. gxh4 Nxc3 14. bxc3 Qc7
15. e4 Bg6 16. Rb1 b6 17. Rb2 h6 18. c4 e5 19. Qg3 Kh8 20. Rd2 Rae8 21. Bb2 Rg8
22. Rd3 Qb8 23. h5 Bh7 24. d5 Qd6 25. dxc6 Qxc6 26. Red1 Nf6 27. Rd6 Qxc4 28.
Bxe5 Nxh5 29. Qc3 Qxc3 30. Bxc3 Nf4 31. Bf3 f6 32. R1d4 Bxe4 33. Bxe4 Ne2+ 34.
Kg2 Nxc3 35. Bg6 Re5 36. Bf7 Nb5 37. Rd8 Rxd8 38. Rxd8+ Kh7 39. h4 h5 40. Bg8+
Kg6 41. Bc4 Kf5 42. Rd7 g5 43. a4 Na3 44. Bd3+ Ke6 45. Rxa7 Rd5 46. Bh7 Ra5 47.
Rb7 Rxa4 48. Rxb6+ Ke5 49. hxg5 fxg5 50. Rc6 Rg4+ 51. Kf3 Nc4 52. Bg8 Nd6 53.
Rc5+ Kf6 54. Rd5 Nc4 55. Rb5 Ne5+ 56. Ke3 Ra4 57. Rb6+ Kg7 58. Be6 Nc4+ 59. Bxc4
Rxc4 60. Kf3 Rf4+ 61. Kg3 Rf6 62. Rb8 Kg6 63. Rb5 h4+ 64. Kg2 Rd6 65. Kf3 Rd3+
66. Kg4 Rd4+ 67. Kf3 Rf4+ 68. Kg2 Re4 69. Kf3 Rd4 70. Kg2 Kf6 71. Ra5 Re4 72.
Kf3 Re5 73. Ra8 Rf5+ 74. Kg2 Rf4 75. Ra5 Re4 76. Kf3 Rf4+ 77. Kg2 g4 78. Rh5 h3+
79. Kg3 Kg6 80. Rh8 Ra4 81. f3 gxf3 82. Kxf3 Kg7 83. Rxh3 Ra3+ 84. Kg2 Rxh3 85.
Kxh3 1/2-1/2

[Event "European Rapid 2015"]
[Site "Minsk BLR"]
[Date "2015.12.19"]
[Round "7.47"]
[White "Harshkou, Mikita"]
[Black "Tihonov, Jurij"]
[Result "1-0"]
[BlackTitle "GM"]
[WhiteElo "2300"]
[BlackElo "2408"]
[WhiteFideId "13504770"]
[BlackFideId "13500325"]
[EventDate "2015.12.19"]

1. d4 Nf6 2. Bg5 Ne4 3. Bf4 c5 4. f3 Nf6 5. dxc5 b6 6. cxb6 Qxb6 7. Qc1 d5 8. e3
Nc6 9. Bd3 e5 10. Bg5 Be6 11. Kf2 Be7 12. Nd2 Ng4+ 13. fxg4 Bxg5 14. Ndf3 Be7
15. Bf5 O-O 16. Ne2 g6 17. Bxe6 fxe6 18. Kg3 Bc5 19. Nc3 Bxe3 20. Qd1 Rad8 21.
Kh3 e4 22. Ng1 Qc7 23. Nge2 Qg7 24. Qe1 Bf2 25. Qc1 e3 26. g3 d4 27. Ne4 Qe5 28.
Nxf2 Rxf2 29. Nf4 h5 30. gxh5 Qf5+ 31. g4 Qxf4 1-0

[Event "European Rapid 2015"]
[Site "Minsk BLR"]
[Date "2015.12.19"]
[Round "7.48"]
[White "Ambartsumova, Karina"]
[Black "Pershin, Denis"]
[Result "0-1"]
[WhiteTitle "WGM"]
[WhiteElo "2267"]
[BlackElo "2375"]
[WhiteFideId "4166299"]
[BlackFideId "24165506"]
[EventDate "2015.12.19"]

1. e4 c5 2. Nf3 Nc6 3. Bb5 d5 4. d3 Qa5+ 5. Nbd2 Qxb5 6. exd5 Nd4 7. Ne5 e6 8.
c3 Nf5 9. c4 Qa5 10. O-O Bd6 11. Ndf3 Nge7 12. dxe6 Bxe6 13. Bd2 Qc7 14. Bc3 O-O
15. Re1 Nc6 16. Ng4 Nfd4 17. Ng5 Bxg4 18. Qxg4 h6 19. Nf3 f5 20. Qh5 Qf7 21. Qh3
Nc2 0-1

[Event "European Rapid 2015"]
[Site "Minsk BLR"]
[Date "2015.12.19"]
[Round "7.49"]
[White "Yezhel, Valiantsin"]
[Black "Kryakvin, Dmitry"]
[Result "1/2-1/2"]
[BlackTitle "GM"]
[WhiteElo "2193"]
[BlackElo "2529"]
[WhiteFideId "13504983"]
[BlackFideId "4153278"]
[EventDate "2015.12.19"]

1. d4 Nf6 2. Nf3 g6 3. g3 Bg7 4. Bg2 O-O 5. O-O c5 6. c3 d6 7. dxc5 dxc5 8. Qxd8
Rxd8 9. Be3 Na6 10. Na3 Ng4 11. Bg5 f6 12. Bd2 e5 13. Rad1 e4 14. Bf4 Be6 15.
Nd2 g5 16. Bxe4 gxf4 17. Bxb7 fxg3 18. hxg3 Nc7 19. Bxa8 Rxa8 20. Ne4 Bf8 21. b3
Be7 22. c4 Ne5 23. Nb1 Nc6 24. Nbc3 Bh3 25. Rfe1 Nd4 26. Rd3 Bf5 27. Kg2 Re8 28.
e3 Nc6 29. Rd2 Bg6 30. Rd7 Ne6 31. f3 f5 32. Nd6 Ne5 33. Nxe8 Nxd7 34. Nd5 Kf8
35. Nec7 Nxc7 36. Nxc7 Ne5 37. Nd5 Bh5 38. Rf1 Nc6 39. Rh1 Bg6 40. Nxe7 Kxe7 41.
Rd1 Bf7 42. Rh1 h5 43. Rd1 a5 44. Re1 Nb4 45. e4 Nc2 46. Rc1 Nd4 47. exf5 Nxf5
48. Kf2 Nd4 49. Re1+ Kf6 50. Rh1 Bg6 51. g4 hxg4 52. fxg4 Nc2 53. Rd1 Nd4 54.
Re1 Nc2 55. Rd1 Ke5 1/2-1/2

[Event "European Rapid 2015"]
[Site "Minsk BLR"]
[Date "2015.12.20"]
[Round "8.4"]
[White "Aleksandrov, Aleksej"]
[Black "Kovalenko, Igor"]
[Result "1/2-1/2"]
[WhiteTitle "GM"]
[BlackTitle "GM"]
[WhiteElo "2615"]
[BlackElo "2680"]
[WhiteFideId "13500139"]
[BlackFideId "14117908"]
[EventDate "2015.12.19"]

1. d4 e6 2. c4 Nf6 3. Nc3 Bb4 4. e3 c5 5. Ne2 d6 6. dxc5 dxc5 7. Qxd8+ Kxd8 8.
Bd2 Nc6 9. Nf4 b6 10. a3 Ba5 11. Nd3 Ke7 12. Rb1 Bxc3 13. Bxc3 Ba6 14. b3 Rhd8
15. f3 Ne8 16. Be2 f6 17. h4 Nd6 18. Nf4 Rac8 19. Kf2 Kf7 20. Rhd1 e5 21. Nd5
Ne7 22. Nxe7 Kxe7 23. Rd2 Nf5 24. Bd3 Nxh4 25. Rh1 Ng6 26. Rxh7 Kf7 27. Be4
Rxd2+ 28. Bxd2 Ne7 29. Bc3 Rd8 30. Rh1 Bc8 31. g4 Be6 32. Rc1 Rh8 33. Kg3 Rd8
34. Kf2 Rh8 35. Kg2 Rd8 36. Kg3 Nc8 37. Bc2 Ne7 38. Rd1 Rxd1 39. Bxd1 Nc8 40.
Bc2 Ke7 41. f4 exf4+ 42. exf4 Nd6 43. f5 Bd7 44. Kf4 Nf7 45. Be4 Nd6 46. Bd5 Bc8
47. Bc6 Ba6 48. a4 Bc8 49. a5 Ba6 50. Ke3 Bc8 51. Bd5 Ba6 52. Kd3 Kd7 53. Be1
Bb7 54. Bxb7 Nxb7 55. axb6 axb6 56. Ke4 Nd8 57. Bc3 Nf7 58. Kf4 Ke7 59. Ke4 Kd7 1/2-1/2

[Event "European Rapid 2015"]
[Site "Minsk BLR"]
[Date "2015.12.20"]
[Round "8.5"]
[White "Navara, David"]
[Black "Landa, Konstantin"]
[Result "1-0"]
[WhiteTitle "GM"]
[BlackTitle "GM"]
[WhiteElo "2730"]
[BlackElo "2625"]
[WhiteFideId "309095"]
[BlackFideId "4101685"]
[EventDate "2015.12.19"]

1. e4 e5 2. Nf3 Nf6 3. Nc3 Nc6 4. Bb5 Bc5 5. d3 O-O 6. Bg5 h6 7. Bh4 Nd4 8. Nxe5
Re8 9. Nf3 c6 10. Ba4 Nxe4 11. Nxe4 Nxf3+ 12. Qxf3 Qxh4 13. O-O Bf8 14. Rae1 Re6
15. c4 d6 16. Bb3 Re5 17. d4 Rf5 18. Qg3 Qf4 19. Qd3 Bd7 20. Bc2 g6 21. g3 Qg4
22. f3 Qh3 23. Nf2 Qh5 24. g4 Rg5 25. Ne4 Bf5 26. Nf6+ Kh8 27. Qxf5 Rxf5 28.
Nxh5 Ra5 29. Nf4 Rxa2 30. Nd3 Bg7 31. Re4 f5 32. gxf5 gxf5 33. Rf4 Re8 34. Kf2
c5 35. Bb1 Ra1 36. dxc5 dxc5 37. Nxc5 Bxb2 38. Bxf5 Bc1 39. Rxc1 Rxc1 40. Nxb7
Rb8 41. Nd6 a5 42. Rg4 Rf8 43. Be6 Rf6 44. Nf7+ Kh7 45. Bd5 Rc2+ 46. Ke3 Rc3+
47. Kd4 Rcxf3 48. Bxf3 Rxf3 49. Ne5 Rf2 50. c5 a4 51. Rg3 Rxh2 52. c6 Rd2+ 1-0

[Event "European Rapid 2015"]
[Site "Minsk BLR"]
[Date "2015.12.20"]
[Round "8.6"]
[White "Melkumyan, Hrant"]
[Black "Chigaev, Maksim"]
[Result "1-0"]
[WhiteTitle "GM"]
[BlackTitle "IM"]
[WhiteElo "2654"]
[BlackElo "2526"]
[WhiteFideId "13302485"]
[BlackFideId "4108116"]
[EventDate "2015.12.19"]

1. c4 g6 2. e4 Bg7 3. d4 d6 4. Nc3 Nf6 5. Nf3 O-O 6. h3 Qe8 7. Be2 Na6 8. Be3 e5
9. dxe5 dxe5 10. O-O c6 11. a3 Nh5 12. Re1 Qe7 13. Bf1 Nc5 14. Qc2 Ne6 15. Rad1
f5 16. exf5 gxf5 17. c5 Kh8 18. b4 a5 19. b5 e4 20. Nd4 Nxd4 21. Bxd4 Bxd4 22.
Rxd4 Qxc5 23. Rc4 Qe5 24. Nxe4 fxe4 25. Rc5 Qf6 26. Rxh5 Bf5 27. Re3 cxb5 28. g4
Rac8 29. Qd2 Rcd8 30. Qe1 Bg6 31. Rxb5 Rd1 32. Qe2 Rfd8 33. Qb2 Qxb2 34. Rxb2
Rc1 35. Kg2 Rdd1 36. Bb5 Rg1+ 37. Kh2 h5 38. gxh5 Bxh5 39. Be2 Bg6 40. Rxb7 Rh1+
41. Kg3 Rcg1+ 42. Kh4 Rh2 43. Rc3 Bf5 44. Bh5 Rxf2 45. Rb8+ Kg7 46. Rc7+ Kf6 47.
Bg4 Bxg4 48. Rf8+ Ke5 49. Rxf2 Bf3 50. Re7+ Kf4 51. Rf7+ Ke3 52. Rb2 Rg8 53. a4
Rh8+ 54. Kg3 Rg8+ 55. Kh2 Be2 56. Rf5 Bd3 57. Rxa5 Kd4 58. Ra7 Rd8 59. Rbb7 Kc3
60. Rd7 Rf8 61. Rf7 Rg8 62. Rg7 Rf8 63. Raf7 Ra8 64. Ra7 Rf8 65. Rae7 Ra8 66.
Ra7 Rf8 67. Rg3 Rf2+ 68. Rg2 e3 69. Re7 Kd2 70. Kg3 Rxg2+ 71. Kxg2 Bc2 72. a5
Bd3 73. h4 Bc4 74. h5 Bd5+ 75. Kg3 Kd3 76. Rd7 Ke4 77. Rxd5 e2 78. Kf2 Kxd5 1-0

[Event "European Rapid 2015"]
[Site "Minsk BLR"]
[Date "2015.12.20"]
[Round "8.7"]
[White "Razin, Vadim"]
[Black "Bocharov, Dmitry"]
[Result "1-0"]
[BlackTitle "GM"]
[WhiteElo "2345"]
[BlackElo "2558"]
[WhiteFideId "14119463"]
[BlackFideId "4138716"]
[EventDate "2015.12.19"]

1. d4 Nf6 2. Nf3 e6 3. c4 b6 4. a3 Ba6 5. Qc2 Bb7 6. Nc3 c5 7. e4 cxd4 8. Nxd4
d6 9. Be2 Be7 10. O-O O-O 11. Be3 Nbd7 12. Rfd1 Qb8 13. f3 Rc8 14. Qd2 a6 15.
Rac1 Rc7 16. Bf1 Qf8 17. Qf2 Rb8 18. Qg3 Rbc8 19. Na4 Ba8 20. Nb3 Bc6 21. Nc3
Qe8 22. Qf2 Nc5 23. Nd4 Ba8 24. Qg3 Ncd7 25. Nc2 Ne5 26. Bxb6 Rb7 27. Bd4 Nxc4
28. Bxc4 Rxc4 29. Ne3 Rcc7 30. e5 dxe5 31. Bxe5 Rd7 32. Ne4 Nh5 33. Qf2 Rxd1+
34. Rxd1 Rd7 35. Rc1 Bxe4 36. fxe4 Qd8 37. Qe2 Bg5 38. Re1 Nf4 39. Bxf4 Bxf4 40.
Nc4 Rd4 41. g3 Bc7 42. Rc1 g6 43. Rc2 Rd3 44. Kg2 Qd4 45. Kh3 h5 46. Kg2 Qd8 47.
Rd2 Rxd2 48. Qxd2 Qc8 49. Qd4 Qb7 50. b4 Qb5 51. Qc5 Qd7 52. e5 Kg7 53. Nd6 Bb8
54. Kh3 Ba7 55. Qc4 a5 56. bxa5 1-0

[Event "European Rapid 2015"]
[Site "Minsk BLR"]
[Date "2015.12.20"]
[Round "8.8"]
[White "Ragger, Markus"]
[Black "Andriasian, Zaven"]
[Result "1-0"]
[WhiteTitle "GM"]
[BlackTitle "GM"]
[WhiteElo "2687"]
[BlackElo "2594"]
[WhiteFideId "1610856"]
[BlackFideId "13302000"]
[EventDate "2015.12.19"]

1. d4 g6 2. e4 d6 3. c4 Bg7 4. Nc3 e5 5. Nf3 Nc6 6. d5 Nce7 7. Be2 Nf6 8. O-O
O-O 9. Ne1 Ne8 10. Be3 f5 11. f3 f4 12. Bf2 g5 13. c5 h5 14. a4 Rf6 15. a5 Rg6
16. Nb5 a6 17. cxd6 Nxd6 18. Nxd6 cxd6 19. Bb6 Qe8 20. Rc1 g4 21. Kh1 g3 22. Rc7
gxh2 23. Rf2 Bf6 24. Bf1 h4 25. Rfc2 Rg7 26. Qc1 Kh7 27. b3 Rg6 28. Qa3 Bg5 29.
Nd3 Kh6 30. Bf2 Kh5 31. Be1 Qd8 32. Qb4 Ng8 33. Qb6 Bh6 34. Rf7 Qe8 35. Rcc7 h3
36. Qf2 Qd8 37. gxh3 Bg5 38. Rh7+ Nh6 39. Qxh2 Bh4 40. Bf2 Rb8 41. Rc2 Bxf2 42.
Nxf2 Qxa5 43. Ng4 Qe1 44. Rf2 b5 45. Qg1 Rb7 46. Rxh6+ Rxh6 47. Nxh6 Kxh6 48.
Rg2 Kh7 49. Rg8 Qxf1 50. Qxf1 Kxg8 51. Qc1 Bd7 52. Qa3 b4 53. Qa5 Kf7 54. Qd8 a5
55. Qxa5 Ke7 56. h4 Rb8 57. Qa7 Rg8 58. Qf2 Rg3 59. Kh2 Be8 60. Qa7+ Bd7 61. Qf2
Be8 62. h5 Bd7 63. Qe1 Rh3+ 64. Kg2 Rxh5 65. Qxb4 Rg5+ 66. Kf2 Rh5 67. Qb8 Rh2+
68. Kg1 Rb2 69. Qb4 Bh3 70. Qb7+ Bd7 71. Qb6 Bh3 72. Qa7+ Bd7 73. Qa3 Re2 74.
Qc1 Re3 75. Qd1 Bb5 76. Kf2 Kd7 77. Qc2 Rd3 78. Qa2 Ke7 79. b4 Bd7 80. Qb2 Bb5
81. Qc2 Kd7 82. Qa2 Ke7 83. Qa7+ Bd7 84. b5 Rd2+ 85. Ke1 Rd3 86. Ke2 Re3+ 87.
Kf2 Rb3 88. b6 Rb2+ 89. Ke1 Rb1+ 90. Kd2 Rb2+ 91. Kc1 1-0

[Event "European Rapid 2015"]
[Site "Minsk BLR"]
[Date "2015.12.20"]
[Round "8.9"]
[White "Kovalev, Vladislav"]
[Black "Mikhalevski, Victor"]
[Result "1/2-1/2"]
[WhiteTitle "GM"]
[BlackTitle "GM"]
[WhiteElo "2546"]
[BlackElo "2535"]
[WhiteFideId "13504398"]
[BlackFideId "2801914"]
[EventDate "2015.12.19"]

1. e4 e5 2. Nf3 Nc6 3. Bb5 Nf6 4. d4 exd4 5. O-O a6 6. Ba4 Be7 7. e5 Ne4 8. Nxd4
Nxd4 9. Qxd4 Nc5 10. Nc3 O-O 11. Nd5 d6 12. Nxe7+ Qxe7 13. exd6 Qxd6 14. Qxd6
cxd6 15. Bb3 Nxb3 16. axb3 Be6 17. Ra3 Rac8 18. c3 Rc6 19. Be3 f6 20. Rd1 Kf7
21. Rd4 Re8 22. h3 g5 23. Kf1 h6 24. Ke2 b5 25. Kd2 Kg6 26. b4 Bc4 27. Ra1 Bb3
28. Rf1 Bc4 29. Rh1 Ra8 30. Ra1 Bb3 31. h4 Re8 32. hxg5 hxg5 33. f4 Be6 34. fxg5
fxg5 35. Rh1 Bc4 36. Rh3 Re5 37. Rh8 d5 38. Rg8+ Kh5 39. Rh8+ Kg6 40. Rg8+ Kh5
41. Rh8+ Kg6 42. Rg8+ 1/2-1/2

[Event "European Rapid 2015"]
[Site "Minsk BLR"]
[Date "2015.12.20"]
[Round "8.11"]
[White "Alekseev, Evgeny"]
[Black "Harutjunyan, Gevorg"]
[Result "1-0"]
[WhiteTitle "GM"]
[BlackTitle "GM"]
[WhiteElo "2642"]
[BlackElo "2436"]
[WhiteFideId "4138147"]
[BlackFideId "13300873"]
[EventDate "2015.12.19"]

1. Nf3 Nf6 2. d4 g6 3. c4 Bg7 4. Nc3 O-O 5. Bg5 d6 6. e3 a6 7. Be2 Nbd7 8. O-O
Qe8 9. Rc1 h6 10. Bh4 c6 11. Nd2 Rb8 12. Nb3 b6 13. f4 b5 14. cxb5 cxb5 15. Na5
Nb6 16. Bf3 d5 17. b3 Bf5 18. g4 Be6 19. Bg3 Qd7 20. f5 gxf5 21. gxf5 Bxf5 22.
Bxb8 Rxb8 23. Ne2 Qe6 24. Qd2 Bg4 25. Ng3 h5 26. Nc6 Bh6 27. Ne5 Nc8 28. Bxg4
Nxg4 29. Nf5 Nd6 30. Nxh6+ Qxh6 31. Nxg4 hxg4 32. Rf4 f5 33. Rc6 Qg5 34. Qg2 Ne4
35. h3 g3 36. Qf3 Rf8 37. Kg2 Rf7 38. Re6 Kf8 39. Re5 Nd2 40. Qe2 Ne4 41. Qf3
Nd2 42. Qd1 Ne4 43. Rxd5 Nc3 44. Rd8+ Kg7 45. Qd3 e6 46. Rd6 Nd5 47. Rf3 f4 48.
exf4 Nxf4+ 49. Rxf4 Rxf4 50. Qxg3 Qxg3+ 51. Kxg3 Re4 52. Kf3 Rh4 53. Kg3 Re4 54.
Rxa6 Rxd4 55. Rxe6 Rd2 56. Ra6 Rd4 57. h4 b4 58. h5 Kh7 59. Kf3 Rh4 60. h6 Rd4
61. Ke3 Rg4 62. Kd3 Rh4 63. Rd6 Rg4 64. Rd4 Rg2 65. Rxb4 Rxa2 66. Rb6 1-0

[Event "European Rapid 2015"]
[Site "Minsk BLR"]
[Date "2015.12.20"]
[Round "8.12"]
[White "Bortnyk, Olexandr"]
[Black "Rakhmanov, Aleksandr"]
[Result "0-1"]
[WhiteTitle "GM"]
[BlackTitle "GM"]
[WhiteElo "2552"]
[BlackElo "2640"]
[WhiteFideId "14120828"]
[BlackFideId "4173708"]
[EventDate "2015.12.19"]

1. Nf3 Nf6 2. d4 g6 3. Nbd2 d5 4. e3 Bg7 5. b4 a5 6. b5 c5 7. a4 cxd4 8. exd4
O-O 9. Be2 Nbd7 10. O-O Nb6 11. c3 Bf5 12. Ba3 Rc8 13. Rc1 Re8 14. Re1 Bh6 15.
Nh4 Bd7 16. Nhf3 Bf5 17. Nh4 Nxa4 18. Nxf5 gxf5 19. c4 dxc4 20. Bxc4 Qxd4 21.
Qxa4 Qxd2 22. Rcd1 Qf4 23. Bb3 Qxa4 24. Bxa4 Rc4 25. Bb3 Rc3 26. Bb2 Rxb3 27.
Bxf6 Kf8 28. Bh4 Rxb5 29. h3 f6 30. Rd4 Rb4 31. Rxb4 axb4 32. Rb1 Bd2 0-1

[Event "European Rapid 2015"]
[Site "Minsk BLR"]
[Date "2015.12.20"]
[Round "8.13"]
[White "Smirin, Ilia"]
[Black "Teterev, Vitaly"]
[Result "1-0"]
[WhiteTitle "GM"]
[BlackTitle "GM"]
[WhiteElo "2658"]
[BlackElo "2494"]
[WhiteFideId "2801990"]
[BlackFideId "13501429"]
[EventDate "2015.12.19"]

1. e4 c5 2. Nf3 e6 3. d4 cxd4 4. Nxd4 a6 5. Bd3 Qc7 6. O-O Nf6 7. Qe2 d6 8. c4
Nbd7 9. Nc3 Be7 10. f4 O-O 11. Kh1 b6 12. Bd2 g6 13. Rae1 Bb7 14. f5 exf5 15.
exf5 Rae8 16. fxg6 hxg6 17. Bxg6 fxg6 18. Qd3 Bd8 19. Qxg6+ Kh8 20. Ne6 Rxe6 21.
Rxe6 Qxc4 22. Rf4 Nh7 23. Re8 Qc6 24. Rfxf8+ Ndxf8 25. Rxd8 Qc4 26. Ne2 1-0